Estatísticas para Países com espaçoportos

Clique aqui para jogar o quiz

Estatísticas Gerais

  • Esse quiz foi jogado 29 vezes
  • A pontuação média é 9 de 11

Estatísticas das Respostas

# de BasesPaís% Correto
4China
100%
7Estados Unidos
100%
2Japão
100%
1França
96%
2Rússia
96%
2Brasil
92%
1Índia
92%
1Austrália
88%
1Noruega
62%
1Suécia
62%
1Cazaquistão
27%

Distribuição das Pontuações

Percentil de Números Respondidos

Porcentagem de Pessoas com Cada Pontuação

Sua Pontuação Histórica

Você não jogou esse quiz